000 00435nam a2200169Ia 4500
008 220531s9999 xx 000 0 und d
041 _aeng
100 _aफडके, ना. सी.
_981860
245 _aप्रतिभा साधन
250 _a1ST
260 _aPune
_bDeshmukh Ani Co.
_c2008
300 _a226
542 _d12-03-2016
650 _aGeneral
_981861
906 _d2015-2016
_f8723
999 _c45174
_d45174